បច្ចេកទេសបណ្ដុះកូនប្រេងខ្យល់ (Record no. 9559)
[ view plain ]
| 000 -LEADER | |
|---|---|
| fixed length control field | 00321nam a22001217a 4500 |
| 040 ## - CATALOGING SOURCE | |
| Transcribing agency | SY |
| 082 ## - DEWEY DECIMAL CLASSIFICATION NUMBER | |
| Classification number | 397 |
| 100 ## - MAIN ENTRY--AUTHOR NAME | |
| Personal name | ម៉ែន សាម៉េត |
| 245 ## - TITLE STATEMENT | |
| Title | បច្ចេកទេសបណ្ដុះកូនប្រេងខ្យល់ |
| 260 ## - PUBLICATION, DISTRIBUTION, ETC. (IMPRINT) | |
| Place of publication | RUA |
| Name of publisher | ម៉ែន |
| Year of publication | 2004 |
| 300 ## - PHYSICAL DESCRIPTION | |
| Number of Pages | 16p. |
| 942 ## - ADDED ENTRY ELEMENTS (KOHA) | |
| Koha item type | ទស្សនាវដ្តី |
| 952 ## - LOCATION AND ITEM INFORMATION (KOHA) | |
| Withdrawn status [LOCAL, KOHA] | 0 |
| Permanent Location | Date acquired | Koha item type | Lost status | Shelving location | Barcode | Current Location | Full call number |
|---|---|---|---|---|---|---|---|
| Library Block C | 2016-09-05 | ទស្សនាវដ្តី | C193 | RUA045707 | Library Block C | 397 ម៉ែន 2004 C193 |